Direito constitucional previdencir̀io do servidor pb︢lico 2018

Detalles Bibliográficos
Autor principal: S ̀Freire Martins, Bruno
Formato: eBook
Lenguaje:portugués
Publicado: San Pablo: LTR, 2018
Materias:
Acceso en línea:Acceso restringido

MARC

LEADER 00000nam a22000007a 4500
005 20181222153729.0
007 cr|||| ||||
008 181222s2018 br |||||s|||| 00||0 por d
020 |a 978-85-361-9747-0 
035 |a 22613 
040 |a vLex 
090 |c 8368  |d 8368 
100 1 |a S ̀Freire Martins, Bruno 
245 1 0 |a Direito constitucional previdencir̀io do servidor pb︢lico 2018  |h [Recurso electrn̤ico] /  |c Bruno S ̀Freire Martins 
256 |a Servicio en ln̕ea 
260 |a San Pablo:  |b LTR,  |c 2018 
300 |a 1 recurso electrn̤ico 
500 |a A previdn̊cia do servidor pb︢lico vem ganhando cada vez mais notoriedade e se tornando o centro das discusse̳s das finanȧs pb︢licas nos Pas̕, sempre que se fala em economizar dinheiro pb︢lico, fala-se em alterar regras previdencir̀ias. Por isso, ̌necessr̀io conhecer as regras atinentes ao Regime Prp̤rio, de forma a poder assegurar ao servidor pb︢lico de fato o seu grande objetivo de garantir condiė̳s de vida nos momentos tidos como de necessidade social. A partir do conhecimento acerca das regras e da forma como os Tribunais a aplicam, pode-se compreender melhor o sistema e verificar o cumprimento de sua finalidade existencial. 
506 1 |a Disponible solo en los productos indicados  |d vLex Global  |d vLex Global (Academic Edition, excluding Law Schools)  |d vLex Global (U.S. Academic Edition, Law Schools)  |d vLex Global (U.S. Academic Edition, excluding Law Schools)  |d vLex Global (Academic Edition, Law Schools) 
650 0 4 |a Derecho Constitucional  |z Brasil 
740 0 |a vLex Libros (Servicio en ln̕ea) 
856 4 0 |u http://vlex.com/source/direito-constitucional-previdenciario-do-servidor-publico-2018-22613  |z Acceso restringido 
942 |c BOOK 
999 0 |a Constitutional right